| 000 | 00767nam a2200169 i 4500 | ||
|---|---|---|---|
| 001 | 152428 | ||
| 003 | ES-MaACL | ||
| 005 | 20230906204735.0 | ||
| 008 | 931025s1897 sp |||| | spa d | ||
| 100 | 1 |
_aBorrell y Soler, Antonio María. _930595 |
|
| 245 | 1 | 0 |
_aReseña leída en la sesión pública inaugural celebrada el día 23 de abril de 1897 / _cpor el Secretario Antonio María Borrell y Soler. |
| 260 |
_aBarcelona : _b[s.n.], _c1897 ( _fImp. Barcelonesa) |
||
| 300 |
_a16 p. ; _c27 cm. |
||
| 500 | 1 | _aPrecede al tít.: "Academia de Jurisprudencia y Legislación de Barcelona" | |
| 710 | 0 |
_aAcademia de Jurisprudencia y Legislación de Barcelona. _91182 |
|
| 852 |
_aES-MaACL _jT-820-F-2 _z-- Enc. hol., falto de la enc. original _z-- Enc. en un vol. facticio |
||
| 999 |
_c152428 _d152428 |
||